[Event "RUS-ch U20"]
[Site "Sochi"]
[Date "2022.04.25"]
[Round "5"]
[White "Salemgareev, Tagir"]
[Black "Tsoi, Dmitry"]
[Result "1-0"]
[WhiteElo "2485"]
[BlackElo "2362"]
[PlyCount "53"]
[EventDate "2022.04.21"]
[EventType "tourn"]
[EventRounds "9"]
[EventCountry "RUS"]
[EventCategory "8"]
[SourceTitle "CBM 208 Extra"]
[Source "ChessBase"]
[SourceDate "2022.07.31"]
[SourceVersion "1"]
[SourceVersionDate "2022.07.31"]
[SourceQuality "1"]

1. d4 d5 2. c4 e6 3. Nf3 c6 4. e3 f5 5. Bd3 Nf6 6. 0-0 Bd6 7. b3 Qe7 8. Bb2 0-0 9. Nc3 Ne4 10. Ne2 Ng5 11. Ne5 Nf7 12. f4 Nd7 13. c5 Bc7 14. b4 a6 15. a4 Ndxe5 16. dxe5 a5 17. b5 Qxc5 18. Nd4 Qa7 19. bxc6 bxc6 20. Nxc6 Qxe3+ 21. Kh1 Qb6 22. Ne7+ Kh8 23. Ba3 Bd7 24. Qc2 Rfb8 25. Bxf5 Bxe5 26. Bxh7 Bd6 27. Bg8 1-0

[Event "RUS-ch U20"]
[Site "Sochi"]
[Date "2022.04.22"]
[Round "2"]
[White "Remizov, Yaroslav"]
[Black "Tsoi, Dmitry"]
[Result "0-1"]
[WhiteElo "2424"]
[BlackElo "2362"]
[PlyCount "90"]
[EventDate "2022.04.21"]
[EventType "tourn"]
[EventRounds "9"]
[EventCountry "RUS"]
[EventCategory "8"]
[SourceTitle "CBM 208 Extra"]
[Source "ChessBase"]
[SourceDate "2022.07.31"]
[SourceVersion "1"]
[SourceVersionDate "2022.07.31"]
[SourceQuality "1"]

1. e4 d5 2. exd5 Qxd5 3. Nc3 Qa5 4. d4 Nf6 5. Nf3 c6 6. Bc4 Bg4 7. h3 Bxf3 8. Qxf3 e6 9. Bd2 Nbd7 10. 0-0-0 Qc7 11. Rhe1 Bd6 12. g4 Nb6 13. Bb3 0-0 14. g5 Nfd5 15. Ne4 Bf4 16. c4 Bxd2+ 17. Rxd2 Ne7 18. h4 Nf5 19. h5 Rfd8 20. Red1 a5 21. a3 c5 22. dxc5 Rxd2 23. Rxd2 Nd7 24. Bc2 Rc8 25. b4 axb4 26. axb4 b6 27. Ba4 Nb8 28. Kb1 bxc5 29. Nxc5 Qh2 30. Kb2 Qh4 31. Ne4 h6 32. c5 Na6 33. gxh6 Rb8 34. hxg7 Rxb4+ 35. Ka3 Rxe4 36. Bc2 Ra4+ 37. Kb2 Qb4+ 38. Qb3 Nxc5 39. Qxb4 Rxb4+ 40. Ka3 Rd4 41. Rxd4 Nxd4 42. Bb1 Kxg7 43. Kb4 Nd7 44. f4 Nf6 45. Kc5 Nf5 0-1

[Event "RUS-ch U20"]
[Site "Sochi"]
[Date "2022.04.21"]
[Round "1"]
[White "Tsoi, Dmitry"]
[Black "Shubin, Kirill"]
[Result "1-0"]
[WhiteElo "2362"]
[BlackElo "2474"]
[PlyCount "89"]
[EventDate "2022.04.21"]
[EventType "tourn"]
[EventRounds "9"]
[EventCountry "RUS"]
[EventCategory "8"]
[SourceTitle "CBM 208 Extra"]
[Source "ChessBase"]
[SourceDate "2022.07.31"]
[SourceVersion "1"]
[SourceVersionDate "2022.07.31"]
[SourceQuality "1"]

1. f4 Nf6 2. Nf3 d5 3. e3 Bf5 4. d4 e6 5. Bd3 a6 6. 0-0 c5 7. c3 Be7 8. Ne5 0-0 9. Nd2 Qc7 10. Qe2 Nbd7 11. a3 c4 12. Bb1 Bxb1 13. Rxb1 b5 14. e4 Nb6 15. exd5 exd5 16. Ng4 Nxg4 17. Qxg4 f5 18. Qg3 Nd7 19. Nf3 Nf6 20. Qh3 Ne4 21. Ng5 Bxg5 22. fxg5 Qe7 23. Qf3 a5 24. Bf4 b4 25. axb4 axb4 26. h4 Ra2 27. Qe3 Qe8 28. cxb4 Qa4 29. b3 Qa8 30. b5 c3 31. b6 Qc6 32. Bc7 Nd2 33. Rbc1 Nxf1 34. Qxc3 Qe6 35. Re1 Re2 36. Kxf1 Re8 37. Rxe2 Qxe2+ 38. Kg1 Re3 39. Qa1 Rxb3 40. Be5 Qe4 41. Qa8+ Kf7 42. Qb7+ Kg6 43. Qxg7+ Kh5 44. Qh6+ Kg4 45. g6 1-0

[Event "Chigorin Memorial 28th"]
[Site "St Petersburg"]
[Date "2021.10.31"]
[Round "9"]
[White "Vakhidov, Jahongir"]
[Black "Tsoi, Dmitry"]
[Result "1/2-1/2"]
[WhiteElo "2557"]
[BlackElo "2359"]
[PlyCount "118"]
[EventDate "2021.10.23"]
[EventType "swiss"]
[EventRounds "9"]
[EventCountry "RUS"]
[SourceTitle "EXT 2023"]
[Source "ChessBase"]
[SourceDate "2022.10.05"]
[SourceVersion "1"]
[SourceVersionDate "2022.10.05"]
[SourceQuality "1"]

1. d4 d5 2. c4 e6 3. Nc3 f5 4. Bf4 Nf6 5. e3 c6 6. Nf3 Bd6 7. Bd3 0-0 8. 0-0 Ne4 9. Qc2 b6 10. cxd5 exd5 11. Ne2 Bb7 12. Rac1 Qe7 13. Qa4 b5 14. Bxd6 Nxd6 15. Qa5 Nd7 16. b3 Rac8 17. Qa3 Qf6 18. Bb1 Ra8 19. Nf4 a5 20. Qb2 Rfe8 21. Nd3 Nf7 22. Qc2 g6 23. Rfe1 Qd6 24. Nd2 Ng5 25. f4 Ne4 26. Nxe4 fxe4 27. Nc5 Nxc5 28. Qxc5 Qxc5 29. Rxc5 a4 30. b4 Kf7 31. Bc2 Ke6 32. Bd1 Kd6 33. a3 Bc8 34. Rc2 Bd7 35. Rf2 Rg8 36. Ref1 Raf8 37. h3 Rg7 38. Kh2 Rgf7 39. g4 h6 40. Kg3 Ke7 41. h4 Be8 42. Be2 Kd6 43. Rh1 Rg7 44. Bf1 Bd7 45. Bh3 Rgf7 46. Rg1 Ke7 47. Kh2 Kd6 48. h5 g5 49. Kg3 Ke7 50. Rgf1 Be8 51. Bg2 Bd7 52. Rc2 Rf6 53. Rff2 R6f7 54. Bf1 Rf6 55. Be2 R8f7 56. Rc5 Kd6 57. Bd1 Rf8 58. Bc2 Ke7 59. f5 Re8 1/2-1/2

[Event "Chigorin Memorial 28th"]
[Site "St Petersburg"]
[Date "2021.10.30"]
[Round "8"]
[White "Tsoi, Dmitry"]
[Black "Sinitsina, Anastassia"]
[Result "1-0"]
[WhiteElo "2359"]
[BlackElo "2115"]
[PlyCount "55"]
[EventDate "2021.10.23"]
[EventType "swiss"]
[EventRounds "9"]
[EventCountry "RUS"]
[SourceTitle "EXT 2023"]
[Source "ChessBase"]
[SourceDate "2022.10.05"]
[SourceVersion "1"]
[SourceVersionDate "2022.10.05"]
[SourceQuality "1"]

1. f4 d5 2. Nf3 g6 3. e3 Bg7 4. d4 c5 5. c3 Qc7 6. Bd3 Nh6 7. 0-0 Bf5 8. Ne5 Bxd3 9. Nxd3 Nd7 10. g4 f5 11. gxf5 Nxf5 12. Qe2 0-0 13. Nd2 Kh8 14. Nf3 Nd6 15. Ng5 Rf6 16. Qg4 Nf5 17. Qg2 h6 18. Nf3 Kh7 19. Bd2 Qd6 20. Nfe5 c4 21. Nf2 Qe6 22. e4 dxe4 23. Nxe4 Rff8 24. Nf3 Qb6 25. Kh1 Nf6 26. Nc5 Qc6 27. Rae1 b6 28. Ng5+ 1-0

[Event "Chigorin Memorial 28th"]
[Site "St Petersburg"]
[Date "2021.10.29"]
[Round "7"]
[White "Epishin, Vladimir"]
[Black "Tsoi, Dmitry"]
[Result "1-0"]
[WhiteElo "2522"]
[BlackElo "2359"]
[PlyCount "141"]
[EventDate "2021.10.23"]
[EventType "swiss"]
[EventRounds "9"]
[EventCountry "RUS"]
[SourceTitle "EXT 2023"]
[Source "ChessBase"]
[SourceDate "2022.10.05"]
[SourceVersion "1"]
[SourceVersionDate "2022.10.05"]
[SourceQuality "1"]

1. d4 d5 2. Nf3 e6 3. c4 c6 4. Nbd2 f5 5. g3 Nf6 6. Bg2 Bd6 7. b3 Nbd7 8. Bb2 Ne4 9. 0-0 0-0 10. Ne1 Nxd2 11. Qxd2 Qe7 12. Rc1 b6 13. Nd3 Bb7 14. Rc2 a5 15. a4 Rfc8 16. Rd1 Rd8 17. Qc1 Rac8 18. Bc3 Ra8 19. Bd2 Rdc8 20. Bf4 Re8 21. Bxd6 Qxd6 22. Qb2 Rec8 23. e3 Ba6 24. Rdc1 Qe7 25. Rc3 Qd6 26. h4 g6 27. R1c2 Rab8 28. Qc1 Bb7 29. Nf4 Nf6 30. c5 Qe7 31. cxb6 Nd7 32. Nd3 Ba8 33. Rc5 Rxb6 34. Rxa5 Rxb3 35. Bf1 Rcb8 36. Ra7 Qd8 37. Rb2 Rxb2 38. Nxb2 Rb7 39. Rxb7 Bxb7 40. Qc3 c5 41. dxc5 Qc7 42. Nd3 d4 43. Qxd4 Qc6 44. e4 Qxe4 45. Qxe4 fxe4 46. Nb4 Nxc5 47. Bb5 Nb3 48. Bc6 Bxc6 49. Nxc6 Kf7 50. a5 Nc5 51. Kf1 Ke8 52. Ke2 Kd7 53. Ne5+ Kd6 54. Nf7+ Kc6 55. Ng5 h5 56. Nf7 Kb5 57. Ne5 Kxa5 58. Ke3 Kb5 59. Nxg6 Kc6 60. Nf4 Kd6 61. Nxh5 Ke5 62. Nf4 Nd7 63. Ke2 Nf6 64. Ng2 Ng4 65. Ne3 Nh2 66. Nc4+ Kf5 67. Nd2 e5 68. h5 e3 69. Nf1 Nxf1 70. Kxf1 Kg5 71. g4 1-0

[Event "Cheliabinsk Panchenko Memorial op-A"]
[Site "Cheliabinsk"]
[Date "2021.09.19"]
[Round "7"]
[White "Tsoi, Dmitry"]
[Black "Zemlyanskii, Ivan"]
[Result "1-0"]
[WhiteElo "2349"]
[BlackElo "2013"]
[PlyCount "77"]
[EventDate "2021.09.13"]
[EventType "swiss"]
[EventRounds "10"]
[EventCountry "RUS"]
[SourceTitle "CBM 204 Extra"]
[Source "ChessBase"]
[SourceDate "2021.11.30"]
[SourceVersion "1"]
[SourceVersionDate "2021.11.30"]
[SourceQuality "1"]

1. f4 Nc6 2. Nf3 d5 3. e3 Bg4 4. Bb5 e6 5. 0-0 Bd6 6. h3 Bxf3 7. Qxf3 Nf6 8. b3 0-0 9. Bb2 Nb4 10. a3 Na6 11. Bxa6 bxa6 12. Nc3 Re8 13. Rae1 c6 14. e4 d4 15. Ne2 e5 16. d3 c5 17. f5 Nd7 18. g3 Be7 19. h4 a5 20. a4 Qb6 21. Kg2 c4 22. dxc4 Nc5 23. Ba3 Nxb3 24. Bxe7 Nd2 25. Qg4 Nxf1 26. Rxf1 f6 27. c5 Qc6 28. Bd6 Qxa4 29. h5 h6 30. Rb1 Qxc2 31. Rb7 g5 32. fxg6 d3 33. Rg7+ Kh8 34. Rh7+ Kg8 35. Qf5 Qxe2+ 36. Kh3 Qa2 37. Be7 Rxe7 38. Rxe7 Rf8 39. Qd7 1-0

[Event "Cheliabinsk Panchenko Memorial op-A"]
[Site "Cheliabinsk"]
[Date "2021.09.15"]
[Round "3"]
[White "Tsoi, Dmitry"]
[Black "Kazakouski, Valery"]
[Result "1/2-1/2"]
[WhiteElo "2349"]
[BlackElo "2500"]
[PlyCount "80"]
[EventDate "2021.09.13"]
[EventType "swiss"]
[EventRounds "10"]
[EventCountry "RUS"]
[SourceTitle "CBM 204 Extra"]
[Source "ChessBase"]
[SourceDate "2021.11.30"]
[SourceVersion "1"]
[SourceVersionDate "2021.11.30"]
[SourceQuality "1"]

1. b3 e5 2. Bb2 Nc6 3. e3 Nf6 4. Bb5 Bd6 5. Na3 Be7 6. d4 exd4 7. exd4 0-0 8. c3 d5 9. Ne2 Bd6 10. Bd3 Re8 11. Nb5 Bf8 12. Na3 Bd6 13. Nb5 Bf8 14. Na3 Ne7 15. Nc2 Bf5 16. Ne3 Bxd3 17. Qxd3 Ng6 18. 0-0 c6 19. Rae1 Qa5 20. a3 Qb6 21. b4 a5 22. g3 Ne7 23. Nc1 Nc8 24. Ng4 Ne4 25. f3 Ned6 26. Rxe8 Nxe8 27. Nb3 Ncd6 28. Ne5 axb4 29. axb4 Qb5 30. Qxb5 Nxb5 31. Ra1 Rxa1+ 32. Bxa1 f6 33. Nd3 b6 34. Kf2 Kf7 35. Ke2 Ned6 36. Nd2 g6 37. Bb2 Bh6 38. Nb1 Nc4 39. Bc1 Bxc1 40. Nxc1 Ke7 1/2-1/2

[Event "Cheliabinsk Panchenko Memorial op-A"]
[Site "Cheliabinsk"]
[Date "2021.09.14"]
[Round "2"]
[White "Ivanov, Matvei"]
[Black "Tsoi, Dmitry"]
[Result "0-1"]
[WhiteElo "1872"]
[BlackElo "2349"]
[PlyCount "110"]
[EventDate "2021.09.13"]
[EventType "swiss"]
[EventRounds "10"]
[EventCountry "RUS"]
[SourceTitle "CBM 204 Extra"]
[Source "ChessBase"]
[SourceDate "2021.11.30"]
[SourceVersion "1"]
[SourceVersionDate "2021.11.30"]
[SourceQuality "1"]

1. c4 f5 2. Nc3 Nf6 3. g3 e6 4. Bg2 d5 5. cxd5 exd5 6. d4 c6 7. Nh3 Bd6 8. Bf4 0-0 9. 0-0 Qe7 10. Rb1 Nbd7 11. Qc2 Ne4 12. f3 Bxf4 13. Nxf4 Nxc3 14. bxc3 g5 15. Nd3 Qe3+ 16. Nf2 Nb6 17. Kh1 f4 18. gxf4 Bf5 19. Qc1 Qxc1 20. Rbxc1 gxf4 21. Bh3 Bg6 22. Nd3 Rae8 23. Ne5 Nc4 24. Nxc4 dxc4 25. Rf2 Re3 26. Bf1 Kf7 27. Rg2 Kf6 28. Rg4 Bf5 29. Rg1 b5 30. h4 h6 31. Kh2 Kf7 32. a4 bxa4 33. Ra1 Bc2 34. Rg4 Ke7 35. Ra3 Rf6 36. Kg2 Kd6 37. Kf2 Re7 38. Ke1 c5 39. e4 fxe3 40. dxc5+ Kc7 41. Be2 h5 42. Rg5 Rf4 43. Rxh5 Rg7 44. Rg5 Rxg5 45. hxg5 Rh4 46. Bf1 Bd3 47. Bg2 Rh2 48. Ra2 e2 49. Rxa4 Rxg2 50. Rxa7+ Kd8 51. Ra8+ Ke7 52. Ra7+ Ke6 53. Ra6+ Ke5 54. f4+ Kxf4 55. Re6 Rg1+ 0-1

[Event "Nizami Ganjavi 880 years U17"]
[Site "Tornelo INT"]
[Date "2021.04.04"]
[Round "7.1"]
[White "Ahmadzada, Ahmad Samir"]
[Black "Tsoi, Dmitry"]
[Result "1/2-1/2"]
[WhiteElo "2431"]
[BlackElo "2348"]
[PlyCount "112"]
[EventDate "2021.04.02"]
[EventType "team-swiss (blitz)"]
[EventRounds "9"]
[EventCountry "AZE"]
[SourceTitle "EXT 2023"]
[Source "ChessBase"]
[SourceDate "2022.10.05"]
[SourceVersion "1"]
[SourceVersionDate "2022.10.05"]
[SourceQuality "1"]
[WhiteTeam "Azerbaijan"]
[BlackTeam "Russia"]
[WhiteTeamCountry "AZE"]
[BlackTeamCountry "RUS"]

1. e4 d5 2. exd5 Qxd5 3. Nc3 Qa5 4. d4 Nf6 5. Nf3 Bg4 6. h3 Bxf3 7. Qxf3 c6 8. Bd2 Nbd7 9. Bc4 e6 10. Nd5 Qd8 11. Nxf6+ Nxf6 12. c3 Be7 13. 0-0 0-0 14. Rfe1 Nd5 15. Re2 Bf6 16. Rae1 b5 17. Bd3 g6 18. g3 Bg5 19. Bxg5 Qxg5 20. h4 Qf6 21. Qg4 h5 22. Qe4 a5 23. Bc2 a4 24. a3 Kg7 25. Qg2 Rac8 26. Re5 Rfd8 27. Be4 Rd6 28. Rg5 Rcd8 29. Qf1 Rb8 30. Qe2 Rh8 31. Bf3 Kf8 32. Kg2 Ne7 33. Rc5 Kg7 34. Rg5 Kf8 35. Rc5 Kg7 36. Be4 Rhd8 37. Rg5 Kf8 38. Rd1 Nf5 39. Rd3 Qe7 40. Rf3 Qc7 41. Kh3 Qe7 42. Bd3 Qf6 43. Be4 Qh8 44. Qd2 Qh6 45. Qf4 Qh8 46. g4 hxg4+ 47. Qxg4 Ke7 48. h5 Qh6 49. Bxf5 gxf5 50. Qh4 Qf6 51. Rfg3 Rh8 52. Rg8 Rd8 53. Rxd8 Rxd8 54. Qxf6+ Kxf6 55. Kh4 Rh8 56. Re3 Rg8 1/2-1/2

[Event "Cheliabinsk Variant Gp-A"]
[Site "Cheliabinsk"]
[Date "2021.03.24"]
[Round "2"]
[White "Tsoi, Dmitry"]
[Black "Prudnikova, Svetlana"]
[Result "1/2-1/2"]
[WhiteElo "2334"]
[BlackElo "2180"]
[PlyCount "94"]
[EventDate "2021.03.23"]
[EventType "swiss"]
[EventRounds "10"]
[EventCountry "RUS"]
[SourceTitle "CBM 202 Extra"]
[Source "ChessBase"]
[SourceDate "2021.07.31"]
[SourceVersion "1"]
[SourceVersionDate "2021.07.31"]
[SourceQuality "1"]

1. f4 c5 2. Nf3 Nc6 3. b3 Nf6 4. Bb2 d5 5. e3 g6 6. Bb5 Bd7 7. 0-0 Bg7 8. a4 0-0 9. Bxc6 Bxc6 10. d3 Nd7 11. Bxg7 Kxg7 12. Qe1 f6 13. b4 b6 14. Qc3 e5 15. fxe5 fxe5 16. d4 Qe7 17. bxc5 bxc5 18. Nbd2 Rae8 19. Nb3 c4 20. Nbd2 e4 21. Ne5 Nxe5 22. dxe5 Qxe5 23. Qxe5+ Rxe5 24. Rxf8 Kxf8 25. a5 Ke7 26. Nf1 Kd6 27. Ng3 d4 28. exd4 Rb5 29. Nf1 Bd5 30. Ne3 Rb4 31. Ra3 c3 32. Rxc3 Rxd4 33. Rc8 Be6 34. Ra8 Ke5 35. Kf2 Rd7 36. Re8 Rc7 37. h4 h5 38. Ra8 Bd5 39. Re8+ Be6 40. g4 hxg4 41. Nxg4+ Kd6 42. Ne3 Rc5 43. Rf8 Ke7 44. Rf4 Rxa5 45. Rxe4 Kd6 46. c4 Re5 47. Rf4 g5 1/2-1/2

[Event "Moscow op-A 17th"]
[Site "Moscow"]
[Date "2021.02.25"]
[Round "6"]
[White "Tsoi, Dmitry"]
[Black "Korchmar, Vasiliy"]
[Result "1/2-1/2"]
[WhiteElo "2334"]
[BlackElo "2451"]
[PlyCount "90"]
[EventDate "2021.02.20"]
[EventType "swiss"]
[EventRounds "9"]
[EventCountry "RUS"]
[SourceTitle "CBM 200 Extra"]
[Source "ChessBase"]
[SourceDate "2021.03.31"]
[SourceVersion "1"]
[SourceVersionDate "2021.03.31"]
[SourceQuality "1"]

1. f4 d5 2. Nf3 Nf6 3. e3 Bf5 4. d4 e6 5. Bd3 c5 6. c3 Nc6 7. 0-0 Bd6 8. Ne5 Qc7 9. Qe2 0-0 10. Nd2 Ne7 11. a3 a6 12. g4 Bxd3 13. Nxd3 Ne4 14. Kh1 b5 15. Qg2 f5 16. Rg1 Ng6 17. gxf5 exf5 18. Nf3 Qe7 19. Bd2 Rac8 20. Be1 cxd4 21. cxd4 Rc4 22. b3 Rc7 23. Ba5 Rc6 24. Nb4 Bxb4 25. Bxb4 Qc7 26. Bxf8 Rc2 27. Bd6 Nxd6 28. Qh3 Qc3 29. Nh4 Qd3 30. Nxg6 Qe4+ 31. Rg2 hxg6 32. Qg3 Rxg2 33. Qxg2 Qxe3 34. Qxg6 Qe4+ 35. Qg2 Qxd4 36. Rf1 Ne4 37. Qc2 Kh7 38. Rf3 Qa1+ 39. Kg2 Qxa3 40. Rh3+ Kg6 41. Qc6+ Nf6 42. Rg3+ Kh7 43. Qc2 Ne4 44. Rh3+ Kg6 45. Qc6+ Nf6 1/2-1/2

[Event "Moscow op-A 17th"]
[Site "Moscow"]
[Date "2021.02.24"]
[Round "5"]
[White "Galkin, Leonid1111"]
[Black "Tsoi, Dmitry"]
[Result "0-1"]
[WhiteElo "1914"]
[BlackElo "2334"]
[PlyCount "90"]
[EventDate "2021.02.20"]
[EventType "swiss"]
[EventRounds "9"]
[EventCountry "RUS"]
[SourceTitle "CBM 200 Extra"]
[Source "ChessBase"]
[SourceDate "2021.03.31"]
[SourceVersion "1"]
[SourceVersionDate "2021.03.31"]
[SourceQuality "1"]

1. e4 g6 2. d4 Bg7 3. Nc3 a6 4. Be3 b5 5. Qd2 Bb7 6. f3 d6 7. h4 h5 8. Nh3 Nd7 9. Ng5 c5 10. dxc5 Nxc5 11. a3 Rc8 12. Be2 Qc7 13. 0-0-0 Ne6 14. Nxe6 fxe6 15. Bd4 Bxd4 16. Qxd4 e5 17. Qd2 Nf6 18. Kb1 Kf7 19. Nd5 Bxd5 20. exd5 Qc5 21. Rh3 Qf2 22. Bd3 Qxd2 23. Rxd2 Nxd5 24. Bxg6+ Kxg6 25. Rxd5 Kf5 26. g3 Rhg8 27. c3 Rg7 28. Rd1 Rcg8 29. Rg1 e4 30. fxe4+ Kxe4 31. Kc2 Rg4 32. Kd2 R8g6 33. Ke2 e5 34. Kd2 Kd5 35. Ke3 Kc4 36. Rg2 d5 37. Rg1 a5 38. Rg2 b4 39. axb4 axb4 40. cxb4 d4+ 41. Kd2 e4 42. Kc2 d3+ 43. Kd2 Kd4 44. b5 e3+ 45. Ke1 Rg8 0-1

[Event "Moscow op-A 17th"]
[Site "Moscow"]
[Date "2021.02.23"]
[Round "4"]
[White "Tsoi, Dmitry"]
[Black "Lobanov, Sergei"]
[Result "1/2-1/2"]
[WhiteElo "2334"]
[BlackElo "2516"]
[PlyCount "82"]
[EventDate "2021.02.20"]
[EventType "swiss"]
[EventRounds "9"]
[EventCountry "RUS"]
[SourceTitle "CBM 200 Extra"]
[Source "ChessBase"]
[SourceDate "2021.03.31"]
[SourceVersion "1"]
[SourceVersionDate "2021.03.31"]
[SourceQuality "1"]

1. f4 d5 2. Nf3 Nf6 3. e3 c5 4. d4 Nc6 5. c3 Bf5 6. Bd3 Bxd3 7. Qxd3 e6 8. 0-0 Bd6 9. Ne5 Rc8 10. Nd2 0-0 11. Qe2 Ne7 12. a3 Bb8 13. Nd3 b6 14. g4 Ne4 15. Kh1 Kh8 16. Qg2 f5 17. Rg1 Nxd2 18. Bxd2 fxg4 19. Qxg4 Nf5 20. b4 Bd6 21. Nc1 cxb4 22. axb4 a5 23. bxa5 bxa5 24. Ne2 Qc7 25. Ng3 Ra8 26. Ra4 g6 27. Rga1 Rfb8 28. Nxf5 gxf5 29. Qh4 Rb2 30. Be1 Qg7 31. Qg3 Re2 32. Rxa5 Rxa5 33. Rxa5 Qxg3 34. Bxg3 Rxe3 35. Ra6 Be7 36. Ra8+ Kg7 37. Ra7 Kf8 38. Ra8+ Kf7 39. Ra7 Ke8 40. Ra8+ Kd7 41. Ra7+ Ke8 1/2-1/2

[Event "Moscow op-A 17th"]
[Site "Moscow"]
[Date "2021.02.20"]
[Round "1"]
[White "Kuznetsov, Ivan V"]
[Black "Tsoi, Dmitry"]
[Result "0-1"]
[WhiteElo "1831"]
[BlackElo "2334"]
[PlyCount "48"]
[EventDate "2021.02.20"]
[EventType "swiss"]
[EventRounds "9"]
[EventCountry "RUS"]
[SourceTitle "CBM 200 Extra"]
[Source "ChessBase"]
[SourceDate "2021.03.31"]
[SourceVersion "1"]
[SourceVersionDate "2021.03.31"]
[SourceQuality "1"]

1. e4 g6 2. d4 Bg7 3. Nf3 d6 4. Nc3 a6 5. Be3 b5 6. a3 Bb7 7. h3 Nd7 8. Qd2 Ngf6 9. d5 c6 10. dxc6 Bxc6 11. Bd3 Nc5 12. Bxc5 dxc5 13. Qe3 Nd7 14. 0-0 0-0 15. Rfe1 e6 16. Bf1 Qc7 17. Rab1 Rfd8 18. g3 Rab8 19. Rbd1 Ne5 20. Nxe5 Bxe5 21. b3 Bd4 22. Qf3 f5 23. Rd3 Qg7 24. Bg2 Rf8 0-1

[Event "RUS-chT 27th"]
[Site "Sochi"]
[Date "2020.11.23"]
[Round "5.2"]
[White "Timerkhanov, Alexander"]
[Black "Tsoi, Dmitry"]
[Result "1/2-1/2"]
[WhiteElo "2379"]
[BlackElo "2315"]
[PlyCount "81"]
[EventDate "2020.11.19"]
[EventType "team-tourn"]
[EventRounds "9"]
[EventCountry "RUS"]
[SourceTitle "CBM 199"]
[Source "ChessBase"]
[SourceDate "2020.12.31"]
[SourceVersion "1"]
[SourceVersionDate "2020.12.31"]
[SourceQuality "1"]
[WhiteTeam "St Petersburg SShOR"]
[BlackTeam "Moscow Region "]
[WhiteTeamCountry "RUS"]
[BlackTeamCountry "RUS"]

1. d4 e6 2. c4 f5 3. Nc3 Nf6 4. Qc2 d5 5. Nf3 Bd6 6. c5 Be7 7. Bf4 0-0 8. e3 Ne4 9. Nxe4 fxe4 10. Ne5 Nd7 11. 0-0-0 Bg5 12. Bg3 Bh4 13. f3 Bxg3 14. hxg3 Nxe5 15. dxe5 Qg5 16. f4 Qe7 17. Kb1 Bd7 18. Be2 a5 19. Rd4 a4 20. a3 Ra5 21. Rc1 Rfa8 22. Rb4 b6 23. cxb6 c5 24. b7 Rb8 25. Rb6 c4 26. Bxc4 Rc5 27. Ba6 Rxc2 28. Rxc2 h6 29. Rd6 Rxb7 30. Bxb7 Bb5 31. Ba6 Bxa6 32. Rxa6 Qe8 33. Rb6 d4 34. Rd6 d3 35. Rc4 Qh5 36. Rxe4 Qd1+ 37. Ka2 d2 38. Red4 Qb3+ 39. Kb1 Qd1+ 40. Ka2 Qb3+ 41. Kb1 1/2-1/2

[Event "RUS-chT 27th"]
[Site "Sochi"]
[Date "2020.11.22"]
[Round "4.5"]
[White "Tsoi, Dmitry"]
[Black "Belyakov, Bogdan"]
[Result "1-0"]
[WhiteElo "2315"]
[BlackElo "2450"]
[PlyCount "143"]
[EventDate "2020.11.19"]
[EventType "team-tourn"]
[EventRounds "9"]
[EventCountry "RUS"]
[SourceTitle "CBM 199"]
[Source "ChessBase"]
[SourceDate "2020.12.31"]
[SourceVersion "1"]
[SourceVersionDate "2020.12.31"]
[SourceQuality "1"]
[WhiteTeam "Moscow Region "]
[BlackTeam "Achimgaz QNAO"]
[WhiteTeamCountry "RUS"]
[BlackTeamCountry "RUS"]

1. f4 d5 2. Nf3 Bg4 3. e3 e6 4. d4 Nf6 5. Bd3 c5 6. c3 Be7 7. 0-0 0-0 8. Nbd2 Nc6 9. Qe1 Bf5 10. Qe2 a6 11. Ne5 Qc7 12. g4 Bxd3 13. Nxd3 Nd7 14. a3 b5 15. b4 cxb4 16. axb4 a5 17. Ba3 Nb6 18. bxa5 Na4 19. Bxe7 Qxe7 20. Nc5 Nxc5 21. Qxb5 Qh4 22. dxc5 Qxg4+ 23. Kh1 Rfc8 24. a6 g6 25. Nf3 Qf5 26. Qb1 Qh3 27. Qb7 Qf5 28. Qb1 Qh3 29. Qd3 Ne7 30. Ng5 Qh5 31. Rf3 Qg4 32. Qd4 h6 33. Rh3 Nc6 34. Qf6 Qf5 35. Qxf5 exf5 36. Rxh6 Nd8 37. h4 Rc6 38. a7 Ne6 39. Rb1 Nf8 40. Rb7 Rf6 41. Nh7 Ra6 42. Nxf8 R6xa7 43. Rxa7 Rxa7 44. Nxg6 Kg7 45. Rh8 fxg6 46. Rd8 Ra3 47. Rxd5 Rxc3 48. Re5 Kh6 49. Kg2 Kh5 50. Kg3 Rc1 51. Re8 Rg1+ 52. Kf3 Rf1+ 53. Ke2 Rc1 54. Rc8 Kxh4 55. Kd2 Rc4 56. Kd3 Rc1 57. Kd4 Kg4 58. Rg8 Kf3 59. Rxg6 Rd1+ 60. Ke5 Rc1 61. c6 Kxe3 62. Kxf5 Rc5+ 63. Kg4 Rc4 64. Re6+ Kd4 65. Kg5 Kd5 66. f5 Rc1 67. Kf6 Rh1 68. c7 Rc1 69. Re7 Kd6 70. Kf7 Rc2 71. f6 Rc1 72. Ke8 1-0

[Event "RUS-chT 27th"]
[Site "Sochi"]
[Date "2020.11.20"]
[Round "2.5"]
[White "Yuffa, Daniil"]
[Black "Tsoi, Dmitry"]
[Result "0-1"]
[WhiteElo "2565"]
[BlackElo "2315"]
[PlyCount "80"]
[EventDate "2020.11.19"]
[EventType "team-tourn"]
[EventRounds "9"]
[EventCountry "RUS"]
[SourceTitle "CBM 199"]
[Source "ChessBase"]
[SourceDate "2020.12.31"]
[SourceVersion "1"]
[SourceVersionDate "2020.12.31"]
[SourceQuality "1"]
[WhiteTeam "Tyumen Molodezhka"]
[BlackTeam "Moscow Region "]
[WhiteTeamCountry "RUS"]
[BlackTeamCountry "RUS"]

1. d4 e6 2. c4 f5 3. g3 Nf6 4. Bg2 d5 5. Nf3 c6 6. 0-0 Bd6 7. Nc3 0-0 8. Qc2 Qe7 9. Rb1 Bd7 10. c5 Bc7 11. b4 a6 12. a4 Ne4 13. Nxe4 fxe4 14. Bg5 Qf7 15. Ne5 Bxe5 16. dxe5 h6 17. Be3 Be8 18. f3 exf3 19. exf3 Qh5 20. Qc3 Bg6 21. Rb2 Qf5 22. Rd2 Nd7 23. f4 h5 24. h3 Kf7 25. Kh2 Ke7 26. Bf3 Rh8 27. Kg2 Bf7 28. Bd1 Qh7 29. f5 exf5 30. Bg5+ Kf8 31. Rdf2 Be6 32. Rxf5+ Bxf5 33. Bc2 g6 34. e6 Kg8 35. exd7 Qxd7 36. Bf6 Bxh3+ 37. Kg1 Bxf1 38. Bxh8 Qf7 39. Bd4 Bh3 40. Kh2 Bf5 0-1

[Event "RUS-chT 27th"]
[Site "Sochi"]
[Date "2020.11.19"]
[Round "1.2"]
[White "Tsoi, Dmitry"]
[Black "Petrov, Nikita"]
[Result "1/2-1/2"]
[WhiteElo "2315"]
[BlackElo "2577"]
[PlyCount "135"]
[EventDate "2020.11.19"]
[EventType "team-tourn"]
[EventRounds "9"]
[EventCountry "RUS"]
[SourceTitle "CBM 199"]
[Source "ChessBase"]
[SourceDate "2020.12.31"]
[SourceVersion "1"]
[SourceVersionDate "2020.12.31"]
[SourceQuality "1"]
[WhiteTeam "Moscow Region "]
[BlackTeam "Moscow Botvinnik School"]
[WhiteTeamCountry "RUS"]
[BlackTeamCountry "RUS"]

1. f4 d5 2. Nf3 Nf6 3. e3 c5 4. d4 Nc6 5. c3 Bf5 6. Ne5 e6 7. Bb5 Qb6 8. Qa4 Rc8 9. 0-0 Bd6 10. Nd2 0-0 11. Ndf3 Ne7 12. Be2 h6 13. Qd1 Qc7 14. a3 Bh7 15. Bd3 Bxd3 16. Nxd3 Ne4 17. Nd2 f5 18. Qe2 b6 19. Kh1 Qb7 20. Ne1 Nc6 21. Nxe4 fxe4 22. Bd2 b5 23. Nc2 c4 24. Qg4 Qf7 25. Qh3 a5 26. g4 Ra8 27. f5 Ne7 28. Rf2 Bc7 29. Raf1 Ra6 30. f6 gxf6 31. Qxh6 Qg7 32. Qh5 Raa8 33. Ne1 Rf7 34. Ng2 Raf8 35. Nf4 Bxf4 36. Rxf4 Qg6 37. Qh4 Qg5 38. Qxg5+ fxg5 39. Rxf7 Rxf7 40. Rxf7 Kxf7 41. Kg2 e5 42. Be1 Nc6 43. Bg3 exd4 44. exd4 b4 45. axb4 axb4 46. Bf2 bxc3 47. bxc3 Na7 48. Be3 Kg6 49. Kf2 Nb5 50. Bd2 Nc7 51. Kg3 Ne6 52. Be3 Kf6 53. Bd2 Kg6 54. Be3 Nc7 55. Bd2 Na8 56. h4 gxh4+ 57. Kxh4 Nc7 58. g5 Nb5 59. Kg4 Na3 60. Kf4 Nc2 61. Ke5 e3 62. Bc1 e2 63. Bd2 Ne3 64. Ke6 Nf1 65. Be1 Ne3 66. Bd2 Nf1 67. Be1 Ne3 68. Bd2 1/2-1/2